000 00936nam a2200217Ia 4500
001 15459
005 20260415152934.0
008 260306t2011||||xx |||||||||||||| ||und||
041 _aESP
082 _a540
_bT56
100 _aTimberlake, Karen C.,
_eAUT
245 0 _aQuímica :
_buna introducción a la química general, orgánica y biológica
260 _c2011
300 _axxxii, 676 páginas :
_c27 cm.
650 _aGEN
654 _aCCN
856 _uhttps://itmsp.museknowledge.com/UCSP?url=https://www.ebooks7-24.com:443/?il=3418&pg=1
_zVéase además: Química general, orgánica y biológica. Versión digital
856 _uhttps://0u213wl3t-y-https-ebooks7--24-com.itmsp.museknowledge.com/biblioteca.aspx
_zVéase además: Base de datos Ebook7-24
856 _uhttps://0u20fwl3w-y-https-research-ebsco-com.itmsp.museknowledge.com/c/qxo6us/search
_zVéase además: Base de datos EBSCOhost
942 _cLIB
_dJUS
_fJUS
_2ddc
999 _c15459
_d15459